Poeti dell'etá barocca

Saved in:
Bibliographic Details
Main Author: Spagnoletti, Giacinto (Author)
Format: Book
Language:Italian
Published: Milán Guanda Parma 1961
Series:Collana Fenice, 49
Subjects:
Tags: Add Tag
No Tags, Be the first to tag this record!

MARC

LEADER 00000nam a2200000 a 4500
001 UCY1982
003 CL-VaPUC
008 941004e19610000IT |||||||||||||||||ita|d
082 0 4 |a 808.1  |b SPA  |2 21 
100 0 |a Spagnoletti, Giacinto  |e author  |9 330036 
245 1 0 |a Poeti dell'etá barocca 
300 |a 685 p 
942 |c BK 
945 |d 19941004 00:00:00  |a mfernand 
260 |a Milán  |b Guanda Parma  |c 1961 
650 7 |a LITERATURA BARROCA  |2 CL-VaPUC  |9 322524 
583 |a last modification  |c 20120821 08:45:11  |k Rodrigo Vera 
490 0 |a Collana Fenice, 49 
999 |c 230521  |d 230519 
952 |0 0  |1 0  |4 0  |6 808_100000000000000_SPA_1961  |7 0  |8 A  |9 232866  |a BIBART  |b BIBART  |d 2019-11-15  |i 302010K  |o 808.1 SPA 1961  |p 302010K  |r 2025-03-13  |w 2019-11-15  |y BK  |k ART